书目信息 |
| 题名: |
无线电整机装配工艺基础
|
|
| 作者: | 仇瑞璞 编 | |
| 分册: | ||
| 出版信息: | 天津 天津科学技术出版社 1983 |
|
| 页数: | 228页 | |
| 开本: | 25cm | |
| 丛书名: | ||
| 单 册: | ||
| 中图分类: | TN05 , TN01 | |
| 科图分类: | ||
| 主题词: | 电子设备-整机--装配--专业学校--教材 , 整机-电子设备--装配--专业学校--教材 , 无线电电子学--理论 , 通信技术--理论 | |
| 电子资源: | ||
| ISBN: | ||
| 000 | 00862nam0 2200301 45 | |
| 001 | 0183000356 | |
| 005 | 20040520102153.5 | |
| 010 | @dCNY1.24 | |
| 091 | @a15212.82 | |
| 100 | @a19950313d1983 em y0chiy0121 ea | |
| 101 | 0 | @achi |
| 102 | @aCN@b120000 | |
| 105 | @ay z 000yy | |
| 106 | @ar | |
| 200 | 10 | @a无线电整机装配工艺基础@Awu xian dian zheng ji zhuang pei gong yi ji chu@f仇瑞璞主编 |
| 210 | @a天津@c天津科学技术出版社@d1983 | |
| 215 | @a228页@d25cm | |
| 300 | @a全国电子类工学校试用教材 | |
| 606 | @a电子设备-整机@x装配@x专业学校@x教材 | |
| 606 | @a整机-电子设备@x装配@x专业学校@x教材 | |
| 606 | 0 | @a无线电电子学@x理论 |
| 606 | 0 | @a通信技术@x理论 |
| 690 | @aTN05@v3 | |
| 690 | @aTN01 | |
| 701 | 0 | @a仇瑞璞@Aqiu rui pu@4编 |
| 801 | 0 | @aCN@b上海图书馆@c20040520 |
| 801 | 2 | @aCN@bNLC@c20040520 |
| 905 | @f2@b267536-537@dTN01@e48 | |
| 无线电整机装配工艺基础/仇瑞璞主编.-天津:天津科学技术出版社,1983 |
| 228页;25cm |
| 全国电子类工学校试用教材 |
| ISBN :CNY1.24 |
| ● |
| 相关链接 |
|
|
|
|
正题名:无线电整机装配工艺基础
索取号:TN01/48
 
预约/预借
| 序号 | 登录号 | 条形码 | 馆藏地/架位号 | 状态 | 备注 |
| 1 | 0267536 | 001349151 | 密集书库/ [索取号:TN01/48] | 在馆 | |
| 2 | 0267537 | 001349115 | 第三借阅区/ [索取号:TN01/48] | 在馆 | |
| 3 | 0267538 | 001349071 | 第二样本阅览室/ [索取号:TN01/48] | 在馆 |